000 00296nam a2200109Ia 4500
008 230907s9999||||xx |||||||||||||| ||und||
082 _a620.11892
_bBAR
100 _aBarbero, Ever J.,
_955909
245 0 _aIntroduction to composite materials design /
300 _axxxv, 535 pages ;
942 _cBK
999 _c600816
_d600816